Alle Grand Prix-Sieger der Formel 1 - Statistiken

Allgemein
  • Dieses Quiz wurde 12.584 mal gespielt
    1.253 seit der letzten Aktualisierung
  • Das Durchschnittsergebnis liegt bei 36 aus 106
Antwortstatistiken
# Siege Nation Erster Sieg Fahrer % Korrekt
91 Deutschland 1992 Michael Schumacher
98%
103 Vereinigtes Königreich 2007 Lewis Hamilton
97%
71 Niederlande 2016 Max Verstappen
97%
6 Deutschland 2001 Ralf Schumacher
96%
53 Deutschland 2008 Sebastian Vettel
93%
32 Spanien 2003 Fernando Alonso
88%
41 Brasilien 1985 Ayrton Senna
85%
25 Österreich 1974 Niki Lauda
83%
21 Finnland 2003 Kimi Räikkönen
80%
5 Finnland 1982 Keke Rosberg
78%
23 Deutschland 2012 Nico Rosberg
75%
11 Vereinigtes Königreich 2024 Lando Norris
73%
8 Monaco 2019 Charles Leclerc
72%
51 Frankreich 1981 Alain Prost
68%
20 Finnland 1997 Mika Häkkinen
66%
10 Finnland 2017 Valtteri Bottas
64%
6 Vereinigtes Königreich 2022 George Russell
63%
15 Vereinigtes Königreich 2006 Jenson Button
63%
2 Italien 2026 Andrea Kimi Antonelli
62%
4 Spanien 2022 Carlos Sainz jr.
62%
6 Mexiko 2020 Sergio Perez
62%
9 Australien 2023 Oscar Piastri
61%
1 Frankreich 2020 Pierre Gasly
58%
1 Frankreich 2021 Esteban Ocon
56%
22 Vereinigtes Königreich 1993 Damon Hill
53%
14 Vereinigtes Königreich 1962 Graham Hill
52%
3 Vereinigte Staaten 1960 Phil Hill
52%
11 Kanada 1996 Jacques Villeneuve
51%
6 Kanada 1978 Gilles Villeneuve
49%
24 Argentinien 1950 Juan Manuel Fangio
49%
1 Deutschland 1975 Jochen Mass
48%
23 Brasilien 1980 Nelson Piquet
48%
8 Australien 2014 Daniel Ricciardo
47%
31 Vereinigtes Königreich 1985 Nigel Mansell
45%
10 Vereinigtes Königreich 1975 James Hunt
44%
9 Australien 2009 Mark Webber
44%
11 Brasilien 2006 Felipe Massa
41%
11 Brasilien 2000 Rubens Barrichello
41%
6 Österreich 1969 Jochen Rindt
39%
14 Brasilien 1970 Emerson Fittipaldi
38%
27 Vereinigtes Königreich 1965 Jackie Stewart
37%
1 Polen 2008 Robert Kubica
37%
14 Australien 1959 Jack Brabham
36%
13 Vereinigtes Königreich 1995 David Coulthard
35%
13 Italien 1951 Alberto Ascari
34%
3 Deutschland 1997 Heinz-Harald Frentzen
34%
10 Österreich 1986 Gerhard Berger
32%
5 Italien 1950 Giuseppe Farina
31%
1 Venezuela 2012 Pastor Maldonado
31%
10 Südafrika 1974 Jody Scheckter
30%
7 Kolumbien 2001 Juan Pablo Montoya
30%
3 Italien 2003 Giancarlo Fisichella
28%
12 Vereinigte Staaten 1971 Mario Andretti
28%
25 Vereinigtes Königreich 1962 Jim Clark
27%
8 Belgien 1968 Jacky Ickx
26%
4 Neuseeland 1959 Bruce McLaren
25%
1 Finnland 2008 Heikki Kovalainen
23%
12 Australien 1977 Alan Jones
21%
4 Vereinigtes Königreich 1999 Eddie Irvine
21%
8 Neuseeland 1967 Denis Hulme
20%
1 Italien 2004 Jarno Trulli
20%
16 Vereinigtes Königreich 1955 Stirling Moss
20%
1 Frankreich 1995 Jean Alesi
19%
6 Vereinigtes Königreich 1963 John Surtees
19%
12 Argentinien 1974 Carlos Reutemann
18%
3 Vereinigtes Königreich 1953 Mike Hawthorn
18%
5 Schweiz 1970 Clay Regazzoni
17%
10 Schweden 1973 Ronnie Peterson
17%
2 Deutschland 1961 Wolfgang von Trips
16%
1 Frankreich 1996 Oliver Panis
14%
6 Italien 1982 Riccardo Patrese
14%
3 Vereinigtes Königreich 1995 Johnny Herbert
12%
7 Frankreich 1980 René Arnoux
12%
5 Italien 1982 Michele Alboreto
10%
2 Mexiko 1967 Pedro Rodriguez
10%
3 Frankreich 1980 Didier Pironi
9%
6 Frankreich 1977 Jacques Laffite
9%
5 Vereinigtes Königreich 1976 John Watson
9%
2 Italien 1982 Elio de Angelis
8%
2 Argentinien 1951 José Froilán González
8%
3 Belgien 1989 Thierry Boutsen
8%
1 Italien 1989 Alessandro Nannini
7%
1 Brasilien 1975 Carlos Pace
7%
2 Frankreich 1979 Jean-Pierre Jabouille
7%
2 Schweiz 1968 Joseph Siffert
7%
1 Italien 1951 Luigi Fagioli
7%
2 Frankreich 1978 Patrick Depailler
7%
2 Frankreich 1982 Patrick Tambay
7%
6 Vereinigtes Königreich 1957 Tony Brooks
7%
4 Vereinigte Staaten 1962 Dan Gurney
6%
1 Frankreich 1971 Francois Cevert
6%
1 Schweden 1959 Joakim Bonnier
6%
1 Italien 1956 Luigi Musso
6%
2 Frankreich 1955 Maurice Trintignant
6%
3 Vereinigtes Königreich 1956 Peter Collins
6%
1 Italien 1975 Vittorio Brambilla
6%
1 Italien 1961 Giancarlo Baghetti
5%
1 Schweden 1977 Gunnar Nilsson
5%
1 Vereinigtes Königreich 1961 Innes Ireland
5%
1 Frankreich 1972 Jean-Pierre Beltoise
5%
1 Italien 1964 Lorenzo Bandini
5%
2 Vereinigte Staaten 1973 Peter Revson
5%
1 Italien 1952 Piero Taruffi
5%
1 Vereinigte Staaten 1965 Richie Ginther
5%
1 Italien 1966 Ludovico Scarfiotti
4%
1 Vereinigtes Königreich 1971 Peter Gethin
4%
Keine übereinstimmenden Quizze gefunden
Verteilung der Resultate
Anzahl Personen mit jedem Resultat
Perzentil nach korrekt beantworteten Fragen
Ihre Resultats-Entwicklung
Sie haben dieses Quiz seit der letzten Aktualisierung nicht gespielt